A guide to understanding the Japanese commodity futures market

Salvato in:
Dettagli Bibliografici
Autore principale: Jimmy, Koay Jin Choo
Natura: Libro
Lingua:Undetermined
Pubblicazione: Kuala Lumpur Tropical Press SDN. BHD. 1980
Soggetti:
Tags: Aggiungi Tag
Nessun Tag, puoi essere il primo ad aggiungerne! !
Thư viện lưu trữ: Trung tâm Học liệu Trường Đại học Cần Thơ
LEADER 00516nam a2200181Ia 4500
001 CTU_78896
008 210402s9999 xx 000 0 und d
082 |a 380.1 
082 |b C545 
100 |a Jimmy, Koay Jin Choo 
245 2 |a A guide to understanding the Japanese commodity futures market 
245 0 |c Jimmy Koay Jin Choo 
260 |a Kuala Lumpur 
260 |b Tropical Press SDN. BHD. 
260 |c 1980 
650 |a Trading 
650 |z Japan 
980 |a Trung tâm Học liệu Trường Đại học Cần Thơ